01535nam a22003734a 4500001001200000003000800012006001900020007001500039008004100054010001700095020002200112020002200134040002100156035002000177050002300197082001200220100002800232245007500260260006100335300001600396490006400412504006400476533015200540600007200692650002600764650001400790650001200804655002900816700009100845710001700936830006500953856012601018999001701144ebr10091247CaPaEBRm u cr cn|||||||||040917s2004 inu sb 001 0 eng  z 2004021846 z1557531870 (case) z1557531889 (pbk.) aCaPaEBRcCaPaEBR a(OCoLC)7074123914aB2784b.N89 2004eb04a1212221 aNuzzo, Angelica,d1964-10aKant and the unity of reasonh[electronic resource] /cAngelica Nuzzo. aWest Lafayette, Ind. :bPurdue University Press,cc2004. axvi, 398 p.1 aPurdue University Press series in the history of philosophy aIncludes bibliographical references (p. 369-387) and index. aElectronic reproduction.bPalo Alto, Calif. :cebrary,d2013.nAvailable via World Wide Web.nAccess may be limited to ebrary affiliated libraries.10aKant, Immanuel,d1724-1804.tKritik der Urteilskraft.pEinf?uhrung. 0aJudgment (Aesthetics) 0aJudgment. 0aReason. 7aElectronic books.2local12aKant, Immanuel,d1724-1804.tKritik der Urteilskraft.pEinf?uhrung.lEnglish & German.2 aebrary, Inc. 0aPurdue University Press series in the history of philosophy.40uhttp://site.ebrary.com/lib/rucke/Doc?id=10091247zAn electronic book accessible through the World Wide Web; click to view c72361d72361